00380pab a2200133 454500008004000000100002400040245005400064260000900118300001300127362001100140650003900151650002200190773003400212180718b2014 xxu||||| |||| 00| 0 eng d aPasha, P.M. Mubarak aCredit semester system in Kerala: Cosmetic reform c2014 ap.25-28. a20 Sep aExamination marks - India - Kerala aExamination marks aEconomic and Political Weekly